Načítá se...

Writing African American women : an encyclopedia of literature by and about women of color (v.1 : A-J)

Podrobná bibliografie
Hlavní autor: Elizabeth Ann Beaulieu (ed.)
Médium: Printed Book
Vydáno: London Green Wood Press 2006
Témata:
LEADER 00931nam a22002291a 4500
020 |a 9780313331978  |c 0.00 
040 |a SSUS - Library - Kalady 
082 |a 810.9 928796 073  |b ELI/W 
100 |a Elizabeth Ann Beaulieu (ed.) 
245 |a Writing African American women : an encyclopedia of literature by and about women of color (v.1 : A-J)  |h [Text] 
260 |a London  |b Green Wood Press  |c 2006 
300 |a 505p. 
500 |a Vol.1:A-J  
600 |a Literature African American Women  
600 |a African American Writers 
600 |a American Literature Encyclopedia 
600 |a Biography Writers America 20th Century  
600 |a Literature 
852 |k Reference  |h 810.9 928796 073  |i ELI/W  |p 055385  |9 4720.50  |t 0 
942 |c REF 
999 |c 51438  |d 51438 
952 |0 0  |1 0  |4 0  |6 R_810_900000000000000_928796_073_ELI_W  |7 0  |9 74833  |a SSUS  |b SSUS  |d 2015-01-08  |g 4720.50  |o R 810.9 928796 073 ELI/W  |p 055385  |r 2015-01-08  |v 0.00  |w 2015-01-08  |y REF